Essential of Public Library Management/ (Record no. 216767)

MARC details
000 -LEADER
fixed length control field 00556nam a22001937a 4500
005 - DATE AND TIME OF LATEST TRANSACTION
control field 20260622163350.0
010 ## - LCCN (DPL NO)
LC control number ENG-148909
020 ## - INTERNATIONAL STANDARD BOOK NUMBER
International Standard Book Number 9789393270696
Terms of availability 750.00
035 ## - SYSTEM CONTROL NUMBER
System control number EN-132441
037 ## - SOURCE OF ACQUISITION
Source of stock number/acquisition DBAD
082 ## - DEWEY DECIMAL CLASSIFICATION NUMBER
Classification number 025.1
100 ## - MAIN ENTRY--PERSONAL NAME
Personal name Prashant kumar
245 ## - TITLE STATEMENT
Title Essential of Public Library Management/
Statement of responsibility, etc Prashant Kumar
250 ## - EDITION STATEMENT
Edition statement 1
260 ## - PUBLICATION, DISTRIBUTION, ETC. (IMPRINT)
Place of publication, distribution, etc Delhi
Name of publisher, distributor, etc Diamond Creation
Date of publication, distribution, etc 2024
270 ## - ADDRESS
Address 21 north, Basti harphool singh Sadar Thana Road,
City Delhi
Postal code 110006
300 ## - PHYSICAL DESCRIPTION
Extent 145p.
Dimensions 22cm(Hb)
942 ## - ADDED ENTRY ELEMENTS (KOHA)
Source of classification or shelving scheme Dewey Decimal Classification
Item type English Books
Classification part 025.1
Call number suffix PRA
Holdings
Withdrawn status Lost status Not for loan Collection code Home library Current library Date acquired Source of acquisition Cost, normal purchase price Full call number Barcode Copy number Cost, replacement price Koha item type
    Not For Loan Non-fiction D.B.Act.Division D.B.Act.Division 22/06/2026 Delivery of Books Act Division 750.00 025.1 PRA EN-132441 1 750.00 English Books

© Delhi Public Library
Hit Counter
free hit counter